Labour market in Slovakia 2017+
Salvato in:
| Autore principale: | |
|---|---|
| Enti autori: | , , |
| Altri autori: | |
| Natura: | Libro |
| Lingua: | slovacco |
| Pubblicazione: |
Košice
Equilibria
2016
|
| Edizione: | 1st ed. |
| Soggetti: | |
| Tags: |
Nessun Tag, puoi essere il primo ad aggiungerne!!
|
MARC
| LEADER | 00000nlm a2200000 4500 | ||
|---|---|---|---|
| 001 | 0229208 | ||
| 005 | 20240213095154.3 | ||
| 020 | |a 978-80-970850-5-6 | ||
| 020 | |a 978-80-970850-4-9 | ||
| 041 | 0 | |a slo | |
| 044 | |a SK | ||
| 245 | 1 | 0 | |a Labour market in Slovakia 2017+ |c Martina Lubyová & Miroslav Štefánik et al. |
| 250 | |a 1st ed. | ||
| 264 | 1 | |a Košice |b Equilibria |c 2016 | |
| 300 | |a online [226 s.] | ||
| 610 | 2 | 0 | |a trh práce |
| 610 | 2 | 0 | |a dopyt po práci |
| 610 | 2 | 0 | |a vývoj |
| 610 | 2 | 0 | |a zamestnanosť |
| 610 | 2 | 0 | |a politika zamestnanosti |
| 610 | 2 | 0 | |a sektory hospodárske |
| 610 | 2 | 0 | |a ukazovatele |
| 610 | 2 | 0 | |a prognózy |
| 610 | 2 | 0 | |a Slovensko |
| 100 | 1 | |a Lubyová, Martina | |
| 700 | 1 | |a Štefánik, Miroslav | |
| 710 | 2 | |a Center of Social and Psychological Sciences of the Slovak Academy of Sciences | |
| 710 | 2 | |a Slovenská akadémia vied. Ekonomický ústav | |
| 710 | 2 | |a Faculty of Arts, Comenius University in Bratislava | |